000 00470nam a2200205Ia 4500
005 20250425162102.0
008 250425s9999 xx 000 0 und d
020 _a0262200236
041 _aeng
043 _acau
082 _a629.13
100 _aCHANG LIN, TIEN
245 0 _aTHERMAL CONTROL AND RADIATION
250 _aS.E.
260 _aEstados Unidos
_bCHANG-LIN TIEN
_c1973
300 _a523
650 _aAERONAUTICA
942 _c01
010 _a48706
999 _c222051
_d222051